| 000 | 00595cam a22002171 4500 | ||
|---|---|---|---|
| 001 | BD-DhSAU 2451 | ||
| 003 | BD-DhSAU | ||
| 005 | 20150128141643.0 | ||
| 008 | 750411s1937 iaua b 001 0 eng | ||
| 040 | _aBD-DhSAU | ||
| 082 |
_a636.082 _222 _bLUA |
||
| 100 | 1 | _aLush, Jay L. | |
| 245 | 1 | 0 |
_aAnimal breeding plans / _cJay L. Lush |
| 260 |
_aAmes, La. : _bCollegiate Press, inc. , _c1937. |
||
| 300 |
_aviii, 350 p. : _bill. ; _c23 cm. |
||
| 504 | _ainclude bibliography and index | ||
| 590 | _atamanna | ||
| 650 | 0 | _aLivestock | |
| 650 | 0 | _aanimal breeding | |
| 650 | 0 | _aanimal husbandry | |
| 942 |
_2ddc _cBOOK |
||
| 999 |
_c2451 _d2451 |
||